Logo BPK

Biblioteka

Politechniki Koszalińskiej

Hydraulik in Werkzeugmaschinen : (Rekord nr 12056)

Szczegóły MARC
000 -ETYKIETA REKORDU
podpole kontrolne o stałej długości 00425nam a2200169 i 4500
001 - NUMER KONTROLNY REKORDU
pole kontrolne bg
040 ## - ŹRÓDŁO KATALOGOWANIA
Instytucja, która utworzyła rekord BPK
041 ## - KOD JĘZYKA
Kod języka tekstu pol
080 ## - UNIWERSALNA KLASYFIKACJA DZIESIĘTNA - UKD
UKD 621.22
008 - POLE O STAŁEJ DŁUGOŚCI - DANE KONTROLNE
podpole kontrolne o stałej długości s pl f |000 0 pol
100 1# - NAZWA OSOBOWA
Nazwa osobowa DÜRR, A.
245 #0 - TYTUŁ/ODPOWIEDZIALNOŚĆ
Tytuł Hydraulik in Werkzeugmaschinen :
Ciąg dalszy tytułu hydraulische und elektrohydraulische Antriebe /
Pozostałe elementy strefy tytułu i oznaczenia odpowiedzialności A. Dürr.
250 ## - STREFA WYDANIA
Oznaczenie wydania 6 Aufl.
260 ## - STREFA ADRESU WYDAWNICZEGO
Miejsce wydania München,
Data publikacji, dystrybucji/powstania dokumentu 1968.
700 1# - HASŁO DODATKOWE - NAZWA OSOBOWA
Nazwa osobowa WACHTER, O.
856 ## - LOKALIZACJA I DOSTĘP DO ELEKTRONICZNYCH DOKUMENTÓW ZDALNYCH
Link (URL) http://koha.tu.koszalin.pl/cgi-bin/koha/opac-detail.pl?biblionumber=12056
Tekst linku Katalog online BPK
942 ## - DODATKOWE ELEMENTY (KOHA)
Typ dokumentu Książka
Egzemplarze
Wycofany Status egzemplarza Uszkodzony Dostępność Lokalizacja stała Lokalizacja bieżąca Miejsce przechowywania Sygnatura Kod kreskowy Typ dokumentu
      Dostępny Biblioteka Politechniki Koszalińskiej Biblioteka Politechniki Koszalińskiej Wypożyczalnia BG 6045 02208176 Książka
© 2023 Biblioteka Politechniki Koszalińskiej :: KOHA